Tripartitní sociální dialog o důchodové reformě

O pripravovanej dôchodkovej reforme v Čechách. Problémy súčasného systému. Predpokladané zmeny v starobných a v nestarobných dôchodkoch. Ciele a postupy dôchodkovej reformy. Rozvoj dôchodkových doplnkových systémov.

Gespeichert in:
Bibliographische Detailangaben
1. Verfasser: Pavlík, Petr
Format: Buchkapitel
Sprache:Tschechisch
Schlagworte:
Tags: Tag hinzufügen
Keine Tags, Fügen Sie das erste Tag hinzu!

MARC

LEADER 00000naa a2200000 4500
001 r048887
005 20230922101216.3
041 0 |a cze 
044 |a CZ 
245 1 0 |a Tripartitní sociální dialog o důchodové reformě  |c Petr Pavlík 
520 |a O pripravovanej dôchodkovej reforme v Čechách. Problémy súčasného systému. Predpokladané zmeny v starobných a v nestarobných dôchodkoch. Ciele a postupy dôchodkovej reformy. Rozvoj dôchodkových doplnkových systémov. 
610 2 0 |a reformy dôchodkové 
610 2 0 |a systémy dôchodkové 
610 2 0 |a dôchodky starobné 
610 2 0 |a dôchodky sociálne 
610 2 0 |a dôchodky invalidné 
610 2 0 |a Česko 
100 1 |a Pavlík, Petr